| 000 | 00612cam a22002053a 4500 | ||
|---|---|---|---|
| 001 | 44880 | ||
| 003 | PGUSA | ||
| 005 | 20140828084026.0 | ||
| 008 | 140212s2014||||xxu|||||s|||||000 | eng d | ||
| 040 |
_aPGUSA _beng |
||
| 042 | _adc | ||
| 245 | 1 | 0 |
_aAppletons' Popular Science Monthly, May 1899 : _bVolume LV, No. 1, May 1899 _h[electronic resource] / _cVarious |
| 260 |
_bProject Gutenberg, _c2014 |
||
| 506 | _aPublic domain in the USA. | ||
| 516 | _aElectronic text | ||
| 700 | 1 | _aYoumans, William Jay | |
| 830 | 0 |
_aProject Gutenberg _v44880 |
|
| 856 | 4 | 0 | _uhttp://www.gutenberg.org/ebooks/44880 |
| 942 | _cEB | ||
| 999 |
_c274131 _d274131 |
||